Statistics for Countries Containing L

Click here to take the quiz!

General Stats

  • This quiz has been taken 4,892 times
    (4,438 since last reset)
  • The average score is 54 of 68

Answer Stats

country% Correct
Latvia
94%
Lithuania
93%
Australia
92%
Luxembourg
92%
Finland
91%
Ireland
91%
Liechtenstein
91%
Iceland
90%
Libya
90%
Slovenia
90%
Algeria
89%
Brazil
89%
Laos
89%
Poland
89%
Slovakia
89%
Albania
88%
Belgium
88%
New Zealand
88%
Portugal
88%
Belarus
87%
Colombia
87%
Marshall Islands
87%
Lebanon
86%
Liberia
86%
Netherlands
86%
Solomon Islands
86%
Bolivia
85%
Bulgaria
85%
Italy
85%
Mali
85%
Thailand
85%
Chile
84%
Lesotho
84%
Malaysia
84%
Malta
84%
Switzerland
84%
El Salvador
83%
Maldives
83%
Belize
82%
Israel
82%
Moldova
82%
Mongolia
82%
Tuvalu
82%
Guatemala
81%
Palau
81%
Malawi
80%
Philippines
80%
Somalia
80%
St Lucia
80%
Angola
79%
Nepal
78%
Seychelles
78%
Dominican
Republic
77%
Venezuela
77%
Central African
Republic
76%
Congo
76%
Dem Rep Congo
76%
Senegal
76%
Sri Lanka
76%
Bangladesh
74%
Sierra Leone
72%
Equatorial Guinea
70%
Swaziland
53%
Palestine
50%
Cook Islands
39%
Faroe Islands
37%
Greenland
34%
Timor-Leste
32%

Score Distribution

Percentile by Number Answered

Percent of People with Each Score

Your Score History

You have not taken this quiz since the last reset